A manual of applied mechanics /
Guardado en:
| Autor Principal: | |
|---|---|
| Formato: | Libro |
| Idioma: | English |
| Publicado: |
London :
Ch. Griffin,
1921.
|
| Edición: | 21. ed. |
| Etiquetas: |
Agregar Etiqueta
Sin Etiquetas, Sea el primero en etiquetar este registro!
|
| LEADER | 00483nam a22001575a 4500 | ||
|---|---|---|---|
| 001 | EUN.um033367 | ||
| 003 | AR-BaUNS | ||
| 005 | 20050623122907.0 | ||
| 008 | 041125s1921####xxka##########000#0#eng#d | ||
| 245 | 1 | 0 | |a A manual of applied mechanics / |c William J. Macquorn Rankine. |
| 260 | |a London : |b Ch. Griffin, |c 1921. | ||
| 300 | |a 630 p. : |b ilus. ; |c 19,5 cm. | ||
| 100 | 1 | |a Rankine, William J. Macquorn. | |
| 082 | 0 | 4 | |a 621 |
| 250 | |a 21. ed. | ||
| 859 | |a Ar-BaUNS |b BIB. CENTRAL - Sector C |h 621 |i R167 |p 1001/951 | ||
